ბათუმის შოთა რუსთაველის სახელმწიფო უნივერსიტეტის ბიბლიოთეკა

საერთაშორისო ეკონომიკური ურთიერთობა (ბიბ.ჩანაწერი № 34770)

000 -LEADER
fixed length control field 00779nam a2200241Ia 4500
001 - CONTROL NUMBER
control field 580
003 - CONTROL NUMBER IDENTIFIER
control field GE_BSU
008 - FIXED-LENGTH DATA ELEMENTS--GENERAL INFORMATION
fixed length control field 181216s||||||||xx |||||||||||||| ||und||
020 ## - INTERNATIONAL STANDARD BOOK NUMBER
International Standard Book Number 9789941140259
040 ## - CATALOGING SOURCE
Transcribing agency GE_BSU
080 ## - UNIVERSAL DECIMAL CLASSIFICATION NUMBER
Universal Decimal Classification number 339(075.8)
100 ## - MAIN ENTRY--PERSONAL NAME
Personal name ჯოლია, გ.
245 ## - TITLE STATEMENT
Title საერთაშორისო ეკონომიკური ურთიერთობა
245 ## - TITLE STATEMENT
Remainder of title სახელმძღვანელო
245 ## - TITLE STATEMENT
Statement of responsibility, etc. რსდ. ბარათაშვილი ევგენი
260 ## - PUBLICATION, DISTRIBUTION, ETC.
Place of publication, distribution, etc. თბილისი
260 ## - PUBLICATION, DISTRIBUTION, ETC.
Name of publisher, distributor, etc. ტექნიკ. უნ-ტი
260 ## - PUBLICATION, DISTRIBUTION, ETC.
Date of publication, distribution, etc. 2008
300 ## - PHYSICAL DESCRIPTION
Extent 684 გვ.
653 ## - INDEX TERM--UNCONTROLLED
Uncontrolled term ეკონომიკური ურთიერთობა
942 ## - ADDED ENTRY ELEMENTS (KOHA)
Koha item type წიგნი
ეგზემპლარები
Withdrawn status Lost status Damaged status Not for loan Date acquired Barcode Date last seen Price effective from Koha item type Public note
        2018-12-17 2379 2018-12-17 2018-12-17 წიგნი დარბაზი
        2018-12-17 2380 2018-12-17 2018-12-17 წიგნი დარბაზი